|
|
|
|
| LEADER |
00908cam a2200229 7i4500 |
| 001 |
0000067209 |
| 005 |
20220316090000.0 |
| 020 |
|
|
|a 9781138340299
|
| 090 |
0 |
0 |
|a K3745
|b .T67 2020
|
| 100 |
1 |
|
|a Topidi, Kyriaki
|
| 245 |
1 |
0 |
|a Law and religious diversity in education :
|b the right to difference
|c Kyriaki Topidi.
|
| 264 |
|
|
|a Abingdon, Oxon ; New York, NY:
|b Routledge,
|c 2020.
|
| 300 |
|
|
|a 1 online resource (xvii, 262 pages):
|b text file, PDF.
|
| 336 |
|
|
|a text
|2 rdacontent
|
| 337 |
|
|
|a computer
|2 rdamedia
|
| 338 |
|
|
|a online resource
|2 rdacarrier
|
| 650 |
0 |
0 |
|a Religion in the public schools --
|x Law and legislation
|
| 650 |
0 |
0 |
|a Religious minorities --
|x Legal status, laws, etc
|
| 655 |
0 |
0 |
|a Electronic books
|
| 856 |
4 |
2 |
|u http://library.unisel.edu.my/web/guest/mylibrary
|
| 997 |
|
|
|a Education & Social Sciences, Faculty
|b Education, Department
|
| 999 |
|
|
|a EBO0011848
|b EBOOK
|c EBOOK
|e Electronic resources
|